000 00705nam a2200157Ia 4500
008 100122s9999 xx 000 0 und d
082 _b66800
_a928
100 _aसातारकर बाबामहाराज
245 _aनवल उदयला चंडांशु (बाबामहाराज सातारकर )
260 _bप्राजक्त
_c2004
300 _a424
630 _aनवल उदयला चंडांशु (बाबामहाराज सातारकर )
700 _aगोरे कौसल्या
730 _aनवल उदयला चंडांशु (बाबामहाराज सातारकर )
942 _cBOOK
999 _c439193
_d439190